Normal view
MARC view
- Inman, Daniel .J ,Farrar, Charles .R ,Junior, Vicente .Lopes
Entry Personal Name
001 - CONTROL NUMBER
- control field: 58784
003 - CONTROL NUMBER IDENTIFIER
- control field: NUST
005 - DATE AND TIME OF LATEST TRANSACTION
- control field: 20210628202218.0
008 - FIXED-LENGTH DATA ELEMENTS
- fixed length control field: 210628|| aca||aabn | a|a d
040 ## - CATALOGING SOURCE
- Original cataloging agency: NUST
- Transcribing agency: NUST
100 ## - HEADING--PERSONAL NAME
- Personal name: Inman, Daniel .J ,Farrar, Charles .R ,Junior, Vicente .Lopes
670 ## - SOURCE DATA FOUND
- Source citation: Work cat.: (NUST): Inman, Daniel .J ,Farrar, Charles .R ,Junior, Vicente .Lopes, Damage prognosis ,for aerospace, civil and mechanical systems, 2005
